Alessandra Marangoni, « Le Jules Romain de Poesia (1906-1908), le Péguy de La Voce (1910-1912) », dans La Revue des revues, numéro 58, automne 2017, p. 100-115. (notice n° 1606881)
[ vue normale ]
| 000 -LEADER | |
|---|---|
| fixed length control field | 00625cam a2200145 4500500 |
| 005 - DATE AND TIME OF LATEST TRANSACTION | |
| control field | 20251228124301.0 |
| 041 ## - LANGUAGE CODE | |
| Language code of text/sound track or separate title | fre |
| 042 ## - AUTHENTICATION CODE | |
| Authentication code | dc |
| 100 10 - MAIN ENTRY--PERSONAL NAME | |
| Personal name | Faguer, Nicolas |
| Relator term | author |
| 245 00 - TITLE STATEMENT | |
| Title | Alessandra Marangoni, « Le Jules Romain de Poesia (1906-1908), le Péguy de La Voce (1910-1912) », dans La Revue des revues, numéro 58, automne 2017, p. 100-115. |
| 260 ## - PUBLICATION, DISTRIBUTION, ETC. | |
| Date of publication, distribution, etc. | 2019.<br/> |
| 500 ## - GENERAL NOTE | |
| General note | 92 |
| 786 0# - DATA SOURCE ENTRY | |
| Note | Bulletin de l’Amitié Charles Péguy | 165 | 1 | 2019-04-24 | p. 63a-64 | 0180-8567 |
| 856 41 - ELECTRONIC LOCATION AND ACCESS | |
| Uniform Resource Identifier | <a href="https://shs.cairn.info/revue-bulletin-de-lamitie-charles-peguy-2019-1-page-63a?lang=fr&redirect-ssocas=7080">https://shs.cairn.info/revue-bulletin-de-lamitie-charles-peguy-2019-1-page-63a?lang=fr&redirect-ssocas=7080</a> |
Pas d'exemplaire disponible.




Réseaux sociaux